Báo cáo tự đánh giá chương trình đào tạo giáo viên trung học phổ thông trình độ Đại học

Phần giới thiệu chung. Phần tự đánh giá....Kết quả đạt được và kiến nghị...

Đã lưu trong:
書目詳細資料
企業作者: Khoa Hóa học Trường Đại học Sư phạm
格式: 圖書
語言:Vietnamese
出版: Đại học Đà Nẵng Đại học Sư phạm 2009
主題:
標簽: 添加標簽
沒有標簽, 成為第一個標記此記錄!
Thư viện lưu trữ: Mạng thư viện Đại học Đà Nẵng
LEADER 01260nam a2200325 4500
001 000012680
003 8990
005 20120224110235.0
008 120224s2009 viesd
041 |a vie 
072 |a Báo cáo khoa học 
082 |a 371.12  |b Bao 
110 |a Khoa Hóa học  |b Trường Đại học Sư phạm 
245 |a Báo cáo tự đánh giá chương trình đào tạo giáo viên trung học phổ thông trình độ Đại học 
260 |a Đại học Đà Nẵng  |b Đại học Sư phạm  |c 2009 
300 |a 64 tr.  |c 29 cm 
520 |a Phần giới thiệu chung. Phần tự đánh giá....Kết quả đạt được và kiến nghị... 
653 |a Tự đánh giá 
653 |a Giáo viên THPT 
653 |a Trình độ Đại học 
OWN |a LSP 
AVA |a UDN50  |b LSP  |d 371.12 Bao  |e available  |t Error 5001 Not defined in file expand_doc_bib_avail.  |f 1  |g 0  |h N  |i 0  |k 1 
999 |a From the UDN01 
AVA |a UDN50  |b LSP  |d 371.12 Bao  |e available  |t Error 5001 Not defined in file expand_doc_bib_avail.  |f 1  |g 0  |h N  |i 0  |k 1 
TYP |a Monograph 
TYP |a Printed language 
980 |a Mạng thư viện Đại học Đà Nẵng